000 00200 a2200109 4500
020 _a140345745x
041 _aspa
100 _aLola M.Schaefer
245 _aEl armadillo
942 _cBK
952 _74
999 _c17777
_d17777